<?xml version="1.0" encoding="UTF-8"?>
<record
    xmlns:xsi="http://www.w3.org/2001/XMLSchema-instance"
    xsi:schemaLocation="http://www.loc.gov/MARC21/slim http://www.loc.gov/standards/marcxml/schema/MARC21slim.xsd"
    xmlns="http://www.loc.gov/MARC21/slim">

  <leader>01458ngm a2200301 u 4500</leader>
  <controlfield tag="001">872968</controlfield>
  <controlfield tag="005">20260506152603.0</controlfield>
  <controlfield tag="007">vf|||</controlfield>
  <controlfield tag="008">040504e20030301                    spa  </controlfield>
  <datafield tag="035" ind1=" " ind2=" ">
    <subfield code="a">872968</subfield>
  </datafield>
  <datafield tag="040" ind1=" " ind2=" ">
    <subfield code="c">comduadb</subfield>
  </datafield>
  <datafield tag="041" ind1=" " ind2=" ">
    <subfield code="a">spa</subfield>
  </datafield>
  <datafield tag="080" ind1=" " ind2=" ">
    <subfield code="a">V</subfield>
  </datafield>
  <datafield tag="100" ind1="1" ind2="0">
    <subfield code="a">Jaramillo, Maria Isabel</subfield>
    <subfield code="4">pro</subfield>
    <subfield code="0">(isni)0000 0000 7940 8543</subfield>
    <subfield code="0">(viaf)121091507</subfield>
    <subfield code="e">pro</subfield>
    <subfield code="9">389297</subfield>
  </datafield>
  <datafield tag="245" ind1="1" ind2="0">
    <subfield code="a">Entrevistas  200 anos Universidad de Antioquia : Maria Teresa Uribe de Hincapie. Vid. 6</subfield>
  </datafield>
  <datafield tag="260" ind1=" " ind2=" ">
    <subfield code="a">Medell&#xED;n :</subfield>
    <subfield code="b">Canal U,</subfield>
    <subfield code="c">2003.</subfield>
  </datafield>
  <datafield tag="300" ind1=" " ind2=" ">
    <subfield code="a">1 videocasete (25 min.) : son., col., 1/2 plg.; VHS</subfield>
  </datafield>
  <datafield tag="520" ind1="3" ind2=" ">
    <subfield code="a">Resumen : en la celebraci&#xF3;n de los 200 anos de la Universidad de Antioquia, el Canal U, ha realizado una serie de entrevistas. Entre estas personalidades tenemos a la Doctora Maria Teresa Uribe de Hincapi&#xE9;, Investigadora docente de la Universidad y fiel defensora de la celebraci&#xF3;n de los 200 anos en el 2003</subfield>
  </datafield>
  <datafield tag="650" ind1=" " ind2=" ">
    <subfield code="a">Universidad de Antioquia - Bicentenario</subfield>
    <subfield code="9">123494</subfield>
  </datafield>
  <datafield tag="650" ind1=" " ind2=" ">
    <subfield code="a">Uribe de Hincapi&#xE9;, Mar&#xED;a Teresa, 1940-2019 - Entrevista</subfield>
    <subfield code="9">100952</subfield>
  </datafield>
  <datafield tag="650" ind1=" " ind2=" ">
    <subfield code="a">Universidad de Antioquia - Historia</subfield>
    <subfield code="9">93009</subfield>
  </datafield>
  <datafield tag="700" ind1="1" ind2="0">
    <subfield code="a">Cardona, Luis Fernando</subfield>
    <subfield code="4">edt</subfield>
    <subfield code="e">edt</subfield>
    <subfield code="9">501634</subfield>
  </datafield>
  <datafield tag="700" ind1="1" ind2="0">
    <subfield code="a">Restrepo Cuartas, Jaime,</subfield>
    <subfield code="d"> 1944-</subfield>
    <subfield code="4">ivr</subfield>
    <subfield code="0">(isni)0000000028424535</subfield>
    <subfield code="0">(viaf)21158866</subfield>
    <subfield code="e">ivr</subfield>
    <subfield code="9">252956</subfield>
  </datafield>
  <datafield tag="700" ind1="1" ind2="0">
    <subfield code="a">Acevedo, John Byron</subfield>
    <subfield code="4">vdg</subfield>
    <subfield code="e">vdg</subfield>
    <subfield code="9">532057</subfield>
  </datafield>
  <datafield tag="700" ind1="1" ind2="0">
    <subfield code="a">Barrientos, Rodolfo</subfield>
    <subfield code="4">vdg</subfield>
    <subfield code="e">vdg</subfield>
    <subfield code="9">389422</subfield>
  </datafield>
  <datafield tag="700" ind1="1" ind2="0">
    <subfield code="a">Hernandez, Edgar</subfield>
    <subfield code="4">vdg</subfield>
    <subfield code="e">vdg</subfield>
    <subfield code="9">496240</subfield>
  </datafield>
  <datafield tag="942" ind1=" " ind2=" ">
    <subfield code="c">BOOK</subfield>
  </datafield>
  <datafield tag="999" ind1=" " ind2=" ">
    <subfield code="c">317613</subfield>
    <subfield code="d">317613</subfield>
  </datafield>
  <datafield tag="952" ind1=" " ind2=" ">
    <subfield code="0">0</subfield>
    <subfield code="1">0</subfield>
    <subfield code="4">0</subfield>
    <subfield code="7">0</subfield>
    <subfield code="8">AUDIOBC</subfield>
    <subfield code="a">BC</subfield>
    <subfield code="b">BC</subfield>
    <subfield code="d">2004-05-10</subfield>
    <subfield code="i">C826309</subfield>
    <subfield code="l">0</subfield>
    <subfield code="o">V-04087vid.6 e2</subfield>
    <subfield code="p">61000005040743</subfield>
    <subfield code="r">2023-04-25 00:00:00</subfield>
    <subfield code="t">2</subfield>
    <subfield code="w">2023-04-25</subfield>
    <subfield code="y">CINTA</subfield>
  </datafield>
</record>
